Sudden Death- click the BFDI season - Statistics

General Stats
  • This quiz has been taken 105 times
  • The average score is 5 of 6
Answers on the Grid
Answers color-coded by a green-red scale on the quiz's grid according to % correct below.
BFDI
Showvember
TWOW
TDI
BFB
BAGUETTE
II
TPOT
Battle For A Dumb Prize
BFDIA
Fruit Island
Object Overload
EWOW
IDFB
III
BFB post-split
 
Answer Stats
Answer % Correct
BFDI
98%
BFB
88%
TPOT
85%
IDFB
83%
BFDIA
77%
BFB post-split
75%
No matching quizzes found
Score Distribution
Percent of People with Each Score
Percentile by Number Answered
Your Score History
You have not taken this quiz